| 000 | 00849nam a2200253 i 4500 | ||
|---|---|---|---|
| 001 | bg | ||
| 245 | 0 | 0 |
_aToksykologia : _bpodręcznik dla studentów, lekarzy i farmaceutów / _cpod red. Witolda Seńczuka ; aut. Tadeusz Bogdanik [et al.]. |
| 250 | _aWyd. 3 unowocześ. i rozsz. | ||
| 260 |
_aWarszawa : _bWydaw. Lekarskie PZWL, _ccop. 1999. |
||
| 300 |
_a887, [1] s. : _b1 mapa, rys., wykr. ; _c24 cm. |
||
| 504 | _aBibliogr. przy rozdz. | ||
| 650 | 9 | _aToksykologia | |
| 655 | _aPodręczniki akademickie | ||
| 700 | 1 |
_aSEŃCZUK, Witold _d(1925- ). _eRed. |
|
| 700 | 1 | _aBOGDANIK, Tadeusz | |
| 020 | _a8320023246 | ||
| 040 | _cBPK | ||
| 041 | 0 | _apl | |
| 080 | _a615.9(075.8) | ||
| 920 | _a83-200-2324-6 | ||
| 942 | _cKS | ||
| 008 | s pl f |000 0 pol | ||
| 999 |
_c39867 _d39867 |
||
| 856 |
_uhttp://koha.tu.koszalin.pl/cgi-bin/koha/opac-detail.pl?biblionumber=39867 _yKatalog online BPK |
||